000 00571 a2200145 4500
245 _aThree comedies
_hprint
700 _aGoldoni, Carlo
700 _aAlfieri, Vittorio
650 _aliterature
005 20191017172347.0
260 _anyu
_bThe National alumni
_c[c1907]
084 _aPQ4695 .E5 1907
300 _axi, 372 p. col. front. (port.) 3 pl. 24 cm.
_bxi, 372 p. col. front. (port.) 3 pl. 24 cm.
_cxi, 372 p. col. front. (port.) 3 pl. 24 cm.
500 _aby Carlo Goldoni. Three tragedies, by Vittorio Alfieri; translated by Charles Lloyd.
490 _aThe literature of Italy, 1265-1907
999 _c8784
_d8784